000
00319nam a22001337a 4500
041
_a
English
082
_a
239.8 BEN
100
_a
Christianity and Communism Today
245
_a
Bennett, John C.
260
_a
New York
_b
Association Press
_c
1948
300
_a
188
650
_a
Christianity and Communism
942
_c
BK
999
_c
20942
_d
20942